[Event "FRA-chT"]
[Site "FRA"]
[Date "1998.05.08"]
[Round "8"]
[White "Pecot, Laurent"]
[Black "Goldgewicht, Lionel"]
[Result "1/2-1/2"]
[WhiteElo "2210"]
[BlackElo "2365"]
[PlyCount "82"]
[EventDate "1998.02.06"]
[Source "ChesBase"]
[SourceDate "1998.07.07"]

1. e4 d5 2. exd5 Nf6 3. Bb5+ Nbd7 4. d4 Nxd5 5. Nf3 e6 6. O-O Be7 7. Bd3 O-O 8.
c4 N5f6 9. Nc3 c5 10. dxc5 Nxc5 11. Bc2 Qxd1 12. Rxd1 b6 13. Ne5 Bb7 14. Be3
Rfd8 15. f3 Nfd7 16. Nxd7 Nxd7 17. Ne4 Nf6 18. Bg5 Bxe4 19. Bxe4 Rxd1+ 20. Rxd1
Bc5+ 21. Kf1 Nxe4 22. fxe4 f6 23. Bh4 a5 24. Rd7 Rc8 25. Be1 Rc6 26. Bg3 e5 27.
b3 Rd6 28. Rxd6 Bxd6 29. Bf2 Bc7 30. a4 h5 31. Ke2 Kf7 32. c5 bxc5 33. Bxc5 Ke6
34. Kd3 f5 35. b4 axb4 36. Bxb4 g6 37. Bc5 Kf6 38. h4 Ke6 39. Bb4 Bd6 40. Bc3
Bc7 41. Bb4 Bd8 1/2-1/2

[Event "FRA-chT"]
[Site "FRA"]
[Date "1998.05.08"]
[Round "8"]
[White "Pira, Davoud"]
[Black "Komarov, Dimitri"]
[Result "0-1"]
[WhiteElo "2340"]
[BlackElo "2580"]
[PlyCount "72"]
[EventDate "1998.02.06"]
[Source "ChesBase"]
[SourceDate "1998.07.07"]

1. d4 Nf6 2. Nf3 e6 3. Bg5 h6 4. Bxf6 Qxf6 5. e4 d6 6. Nc3 Nd7 7. Qd2 a6 8.
O-O-O Qd8 9. h4 b5 10. g4 Bb7 11. d5 e5 12. Kb1 Be7 13. a4 bxa4 14. Nxa4 Nf6
15. Rg1 Bc8 16. g5 Nh5 17. Nc3 Bd7 18. Bc4 Qb8 19. Ne2 Qb6 20. Qc3 a5 21. gxh6
Rxh6 22. Ng3 Nf4 23. Nf5 Bxf5 24. exf5 Bf6 25. Nd2 Rxh4 26. Ne4 Ke7 27. f3 Qb4
28. Qxb4 axb4 29. Rde1 Ra5 30. Rg4 Rh8 31. Nd2 Kf8 32. Nb3 Ra8 33. Rd1 Rh5 34.
Nd4 exd4 35. Rxf4 Be5 36. Rg4 Rxf5 0-1

[Event "FRA-chT"]
[Site "FRA"]
[Date "1998.05.08"]
[Round "8"]
[White "Riff, Sebastien"]
[Black "Montheard, Xavier"]
[Result "0-1"]
[WhiteElo "2235"]
[BlackElo "2220"]
[PlyCount "66"]
[EventDate "1998.02.06"]
[Source "ChesBase"]
[SourceDate "1998.07.07"]

1. e4 c5 2. Nf3 d6 3. d4 cxd4 4. Nxd4 Nf6 5. Nc3 g6 6. Be2 Bg7 7. O-O O-O 8.
Re1 Nc6 9. Nb3 a6 10. Bf1 b5 11. Bg5 h6 12. Bh4 Bb7 13. a4 b4 14. Nd5 Nd7 15.
Rb1 Re8 16. f4 Nb6 17. Bf2 Nxa4 18. Ra1 Nxb2 19. Qc1 a5 20. Bb6 Qd7 21. Nxa5
Nxa5 22. Bxa5 Bxd5 23. exd5 Qa7+ 24. Kh1 Qc5 25. Rb1 Qxa5 26. Rxb2 Bxb2 27.
Qxb2 Rac8 28. Rd1 Qa3 29. Qb1 Qc3 30. Bd3 Rc5 31. f5 g5 32. Qa2 b3 33. cxb3
Qxd3 0-1

[Event "FRA-chT"]
[Site "FRA"]
[Date "1998.05.08"]
[Round "8"]
[White "Rodier, Arnaud"]
[Black "Laurain, Dominique"]
[Result "1/2-1/2"]
[WhiteElo "2195"]
[BlackElo "2105"]
[PlyCount "82"]
[EventDate "1998.02.06"]
[Source "ChesBase"]
[SourceDate "1998.07.07"]

1. d4 Nf6 2. c4 g6 3. Nc3 d5 4. Nf3 Bg7 5. Bg5 Ne4 6. cxd5 Nxg5 7. Nxg5 e6 8.
Qd2 h6 9. Nf3 exd5 10. e3 O-O 11. Bd3 Be6 12. O-O Nd7 13. Na4 Re8 14. Rac1 Bf8
15. b4 c6 16. Ne5 a5 17. b5 Nxe5 18. dxe5 Bd7 19. Nc5 Rxe5 20. Nxb7 Qb6 21.
bxc6 Bxc6 22. Qc3 Re6 23. Nc5 Ree8 24. Nb3 Bd7 25. Qc7 Qxc7 26. Rxc7 Be6 27.
Rfc1 Bd6 28. R7c6 Ba3 29. R1c3 a4 30. Nc5 Bxc5 31. R3xc5 d4 32. a3 dxe3 33.
fxe3 Bb3 34. Kf2 Rad8 35. Rc3 Re7 36. Ra6 Red7 37. Bb5 Rd2+ 38. Kg3 R8d5 39.
Bxa4 Rg5+ 40. Kf3 Rf5+ 41. Kg3 Rg5+ 1/2-1/2

[Event "FRA-chT"]
[Site "FRA"]
[Date "1998.05.08"]
[Round "8"]
[White "Roos, Louis"]
[Black "Prie, Eric"]
[Result "1-0"]
[WhiteElo "2360"]
[BlackElo "2470"]
[PlyCount "159"]
[EventDate "1998.02.06"]
[Source "ChesBase"]
[SourceDate "1998.07.07"]

1. e4 c5 2. d3 Nc6 3. g3 d5 4. Nd2 e6 5. Bg2 Nge7 6. Ngf3 g6 7. O-O Bg7 8. Re1
Qc7 9. c3 b6 10. Nf1 Bb7 11. h4 h6 12. Qe2 Rd8 13. e5 Kd7 14. a3 Na5 15. Bf4 c4
16. d4 Bc6 17. a4 Kc8 18. N1d2 Qd7 19. Qd1 Kb8 20. Nh2 Bb7 21. Ng4 Nec6 22. Qf3
Nb3 23. Nxb3 cxb3 24. Qe3 h5 25. Nf6 Bxf6 26. exf6+ Ka8 27. Bf1 Na5 28. Bd3 Nc4
29. Qe2 Rc8 30. a5 Nxa5 31. Ra3 Qd8 32. Rea1 Qxf6 33. Be5 Qe7 34. Bxh8 Rxh8 35.
Ba6 Bxa6 36. Qxa6 Rb8 37. Qe2 Rb7 38. Re1 Qd7 39. Rea1 Rc7 40. Kh2 Kb7 41. Rxa5
bxa5 42. Rxa5 Ka8 43. Ra3 Rb7 44. Qa6 Kb8 45. Kg2 Rb6 46. Qe2 Rb5 47. Ra6 Kb7
48. Ra3 Ka8 49. Qf3 Qb7 50. Qf4 Qe7 51. Ra4 Qd7 52. Qf3 Rb7 53. Ra5 Rc7 54. Qd1
Rb7 55. Qa1 Kb8 56. Qa3 Rb6 57. Ra4 Ka8 58. Ra5 Kb8 59. Ra6 Rxa6 60. Qxa6 Qc7
61. Qb5+ Kc8 62. Qxb3 Kd7 63. Qb4 Ke8 64. Kf3 f6 65. Ke3 Kf7 66. Qb5 g5 67. Qe2
Kg6 68. Kd2 Qd6 69. Qd3+ Kh6 70. Qe3 Kg6 71. f4 gxf4 72. gxf4 Kf5 73. Qh3+ Ke4
74. Ke2 Qa6+ 75. Kf2 Qd3 76. Qxe6+ Kxf4 77. Qxf6+ Kg4 78. Qg5+ Kh3 79. Qe3+
Qxe3+ 80. Kxe3 1-0

[Event "FRA-chT"]
[Site "FRA"]
[Date "1998.05.08"]
[Round "8"]
[White "Sarthou, Gaetan"]
[Black "Chaury, Fabien"]
[Result "1-0"]
[WhiteElo "2305"]
[BlackElo "2225"]
[PlyCount "95"]
[EventDate "1998.02.06"]
[Source "ChesBase"]
[SourceDate "1998.07.07"]

1. e4 c6 2. d3 d5 3. Nd2 e6 4. g3 Nf6 5. Bg2 b6 6. e5 Nfd7 7. f4 c5 8. c4 Bb7
9. cxd5 Bxd5 10. Bxd5 exd5 11. Qf3 Nc6 12. Ne2 Be7 13. O-O O-O 14. Qxd5 Qc7 15.
Qf3 Rfd8 16. Ne4 Nf8 17. Rd1 Rd7 18. b3 Rad8 19. Bb2 Ne6 20. h4 Ned4 21. Bxd4
Nxd4 22. Nxd4 Rxd4 23. Rd2 b5 24. Rad1 a5 25. Kg2 a4 26. Nc3 Qa5 27. Ne2 R4d5
28. Qe4 axb3 29. axb3 Bf8 30. Kh3 Qa3 31. Nc3 Rd4 32. Nxb5 Rxe4 33. Nxa3 Rb4
34. Rb2 Rbd4 35. Nc4 Rxd3 36. Rbd2 Rxd2 37. Rxd2 Rxd2 38. Nxd2 f5 39. exf6 gxf6
40. Kg4 Kf7 41. Kf5 h5 42. Ne4 Be7 43. Nc3 Bd8 44. Nd5 Kg7 45. Ke6 Kg6 46. f5+
Kg7 47. Nf4 Kh6 48. Kf7 1-0

[Event "FRA-chT"]
[Site "FRA"]
[Date "1998.05.08"]
[Round "8"]
[White "Sellos, Didier"]
[Black "Roos, Jean Luc"]
[Result "0-1"]
[WhiteElo "2405"]
[BlackElo "2315"]
[PlyCount "108"]
[EventDate "1998.02.06"]
[Source "ChesBase"]
[SourceDate "1998.07.07"]

1. d4 e6 2. c4 f5 3. g3 Nf6 4. Bg2 Be7 5. Nc3 O-O 6. e3 d6 7. Nge2 c6 8. O-O e5
9. b4 Kh8 10. Bb2 Be6 11. d5 Nxd5 12. Nxd5 cxd5 13. cxd5 Bd7 14. Qd2 Bb5 15. a4
Be8 16. f4 Nd7 17. a5 Bh5 18. Nc3 Rc8 19. Rac1 a6 20. Na4 Bf6 21. Rxc8 Qxc8 22.
Rc1 Qb8 23. fxe5 Bxe5 24. Nb6 Bxb2 25. Qxb2 Ne5 26. Rc3 Kg8 27. Qc2 Qd8 28. h3
Qg5 29. Kf2 Be8 30. Nc4 h5 31. Nxe5 dxe5 32. h4 Qg4 33. Bf3 Qxb4 34. Rb3 Qxa5
35. Rxb7 Bf7 36. d6 f4 37. gxf4 exf4 38. e4 Qd8 39. Qd3 Qxh4+ 40. Kf1 Qh3+ 41.
Ke1 Be6 42. e5 Qg3+ 43. Ke2 Qh2+ 44. Kf1 Bh3+ 45. Ke1 Qg1+ 46. Kd2 Qf2+ 47. Kd1
Bf5 48. Qd5+ Kh8 49. d7 Qg1+ 50. Ke2 Qe3+ 51. Kd1 Rd8 52. Bxh5 Be4 53. Qf7 Qd4+
54. Ke1 Qxe5 0-1

[Event "FRA-chT"]
[Site "FRA"]
[Date "1998.05.08"]
[Round "8"]
[White "Simon, Gerard"]
[Black "Tirard, Hugo"]
[Result "0-1"]
[WhiteElo "2165"]
[BlackElo "2380"]
[PlyCount "92"]
[EventDate "1998.02.06"]
[Source "ChesBase"]
[SourceDate "1998.07.07"]

1. b4 e5 2. Bb2 Bxb4 3. Bxe5 Nf6 4. c4 Nc6 5. Bb2 O-O 6. Nf3 d5 7. e3 Ne4 8.
Nc3 Bxc3 9. dxc3 Be6 10. Qc2 Ng5 11. Nd2 f6 12. h4 Nf7 13. Bd3 Kh8 14. cxd5
Qxd5 15. Be4 Qh5 16. Bf3 Qc5 17. Nb3 Qb5 18. Nd4 Nxd4 19. cxd4 Nd6 20. a4 Qa6
21. Ba3 Rac8 22. Be2 Qa5+ 23. Kf1 b6 24. f3 c5 25. dxc5 bxc5 26. Kf2 Rfd8 27.
Rhd1 Qc7 28. Bd3 h6 29. Rac1 c4 30. Bg6 Nf7 31. Bxf7 Bxf7 32. Rxd8+ Rxd8 33.
Bb2 Qh2 34. Rd1 Qxh4+ 35. Kg1 Re8 36. Bd4 a6 37. Qc3 Qg5 38. Rb1 h5 39. Rb6 Qg6
40. Rxa6 Rb8 41. e4 Rb1+ 42. Kf2 h4 43. Be5 h3 44. g4 Qh6 45. Bh2 Rb3 46. Qd4
Rd3 0-1

[Event "FRA-chT"]
[Site "FRA"]
[Date "1998.05.08"]
[Round "8"]
[White "Sokolov, Andrei"]
[Black "Bauer, Christian"]
[Result "1-0"]
[WhiteElo "2580"]
[BlackElo "2520"]
[PlyCount "121"]
[EventDate "1998.02.06"]
[Source "ChesBase"]
[SourceDate "1998.07.07"]

1. e4 e5 2. Nf3 Nc6 3. Bb5 Nf6 4. O-O Nxe4 5. d4 Nd6 6. Bxc6 dxc6 7. dxe5 Nf5
8. Qxd8+ Kxd8 9. Nc3 Ke8 10. h3 h6 11. Ne2 Ne7 12. Re1 c5 13. Nf4 Bf5 14. e6
Bxe6 15. Nxe6 fxe6 16. Bf4 Nd5 17. Bg3 Bd6 18. Bxd6 cxd6 19. Rxe6+ Kd7 20. Rg6
Rhg8 21. Rd1 Nf6 22. Nh4 Raf8 23. Rg3 Nh5 24. Rb3 g5 25. Nf3 Kc6 26. Nd2 b6 27.
Nc4 Rf6 28. Rbd3 Rd8 29. Ne5+ Kc7 30. Ng4 Re6 31. g3 Kc6 32. Rf3 Ng7 33. Ne3 b5
34. Kg2 Rd7 35. Rf8 Re8 36. Rxe8 Nxe8 37. Nf5 h5 38. Re1 Ng7 39. Ne7+ Kb7 40.
g4 hxg4 41. hxg4 Kc7 42. Nd5+ Kc6 43. Nf6 Rf7 44. Nh7 Nh5 45. gxh5 Rxh7 46. Rh1
Kd5 47. Kg3 Ke5 48. Kg4 Kf6 49. Rd1 Rf7 50. Rxd6+ Kg7 51. Rg6+ Kh7 52. Rxg5
Rxf2 53. Rxc5 a6 54. Rc7+ Kh6 55. Rc6+ Kg7 56. Kg3 Rd2 57. Kf3 Rh2 58. Ke3 Kh7
59. Kd3 Rh3+ 60. Kd4 Rh2 61. b4 1-0

[Event "FRA-chT"]
[Site "FRA"]
[Date "1998.05.08"]
[Round "8"]
[White "Spiridonov, Nikola"]
[Black "Legky, Nikolay A"]
[Result "1/2-1/2"]
[WhiteElo "2395"]
[BlackElo "2480"]
[PlyCount "171"]
[EventDate "1998.02.06"]
[Source "ChesBase"]
[SourceDate "1998.07.07"]

1. c4 g6 2. g3 Bg7 3. Bg2 Nf6 4. Nc3 O-O 5. Nf3 d6 6. O-O e5 7. d3 Nc6 8. Rb1
a5 9. a3 Bf5 10. Bg5 Qd7 11. Bxf6 Bxf6 12. b4 Rae8 13. Qa4 axb4 14. axb4 Kg7
15. Nd2 Bh3 16. Nd5 Bd8 17. e3 h5 18. Qa8 h4 19. Qxb7 Rh8 20. Nxc7 Qxc7 21.
Qxc6 hxg3 22. hxg3 Qxc6 23. Bxc6 Bxf1 24. Rxf1 Re7 25. Ra1 Bc7 26. Ne4 Rb8 27.
Nc3 Bb6 28. Nb5 Re6 29. Bd5 Rf6 30. Ra6 g5 31. g4 Rh6 32. Kg2 Kf8 33. Be4 Bd8
34. Ra7 Re6 35. Rd7 Be7 36. Bf5 Rh6 37. Na7 d5 38. Rxd5 Rxb4 39. Rxe5 Bd6 40.
Rd5 Rb2 41. Kf3 Bb4 42. Rd8+ Kg7 43. Rb8 Rh2 44. Nc6 Rhxf2+ 45. Ke4 Bd6 46.
Rxb2 Rxb2 47. Kd5 Bg3 48. c5 Kf8 49. e4 Bf2 50. e5 Rc2 51. d4 Rd2 52. Bd7 Rd1
53. Kc4 Rc1+ 54. Kd3 Bg1 55. e6 fxe6 56. Bxe6 Re1 57. Bf5 Kf7 58. Nd8+ Ke7 59.
Nc6+ Kf6 60. Kc4 Rc1+ 61. Kd3 Rd1+ 62. Kc3 Rc1+ 63. Kd2 Rc4 64. Kd3 Rc1 65. Bc8
Rd1+ 66. Ke4 Re1+ 67. Kd5 Rd1 68. Bf5 Bf2 69. Kc4 Bg1 70. Bc2 Rd2 71. Bd3 Rd1
72. Nb4 Ra1 73. Bf5 Ra4 74. d5 Ra5 75. Nd3 Bh2 76. d6 Ra6 77. Kd5 Bg3 78. Nb2
Ra1 79. Nd3 Ra6 80. Nb2 Ra1 81. Nc4 Rd1+ 82. Kc6 Rd4 83. Kb5 Bf4 84. c6 Rxc4
85. Kxc4 Bxd6 86. Kb5 1/2-1/2

[Event "FRA-chT"]
[Site "FRA"]
[Date "1998.05.08"]
[Round "8"]
[White "Touzane, Olivier"]
[Black "Gouret, Thierry"]
[Result "1/2-1/2"]
[WhiteElo "2350"]
[BlackElo "2275"]
[PlyCount "83"]
[EventDate "1998.02.06"]
[Source "ChesBase"]
[SourceDate "1998.07.07"]

1. d4 e6 2. c4 f5 3. g3 Nf6 4. Bg2 d5 5. Nf3 c6 6. O-O Bd6 7. Bf4 Bxf4 8. gxf4
O-O 9. Nbd2 Nbd7 10. Qb3 Ne4 11. Nxe4 fxe4 12. Ng5 Nf6 13. cxd5 exd5 14. f3
exf3 15. Nxf3 Qb6 16. Qd3 g6 17. Nh4 Nh5 18. e3 Bf5 19. Nxf5 Rxf5 20. a4 a6 21.
Bh3 Rf6 22. Rf2 Ng7 23. Rg2 Raf8 24. Rg5 Nf5 25. Bxf5 Rxf5 26. h4 Rxg5+ 27.
hxg5 c5 28. dxc5 Qxc5 29. b4 Qc6 30. Rd1 Rd8 31. Qb3 Qe6 32. Kf2 b5 33. axb5
axb5 34. Rd4 Qh3 35. Ke1 Qh1+ 36. Kd2 Qg2+ 37. Kc1 Rc8+ 38. Kb1 Rc4 39. Rxc4
dxc4 40. Qc3 Qh1+ 41. Kb2 Qg2+ 42. Kc1 1/2-1/2

[Event "FRA-chT"]
[Site "FRA"]
[Date "1998.05.09"]
[Round "9"]
[White "Benitah, Yohan"]
[Black "Borne, Niels"]
[Result "1/2-1/2"]
[WhiteElo "2345"]
[BlackElo "2305"]
[PlyCount "62"]
[EventDate "1998.02.06"]
[Source "ChesBase"]
[SourceDate "1998.07.07"]

1. d4 Nf6 2. c4 e6 3. Nc3 Bb4 4. e3 O-O 5. Nge2 d5 6. a3 Be7 7. cxd5 exd5 8. b4
Re8 9. Ng3 b6 10. Be2 Bb7 11. O-O Nbd7 12. Bf3 Nf8 13. Nf5 Ne6 14. Nxe7+ Qxe7
15. Qb3 Ng5 16. Be2 Nge4 17. a4 Nxc3 18. Qxc3 Ne4 19. Qb3 c6 20. f3 Nd6 21. Bd3
Qf6 22. Qc2 h6 23. Bd2 a6 24. a5 b5 25. Rae1 Nc4 26. Bxc4 bxc4 27. Bc3 Qg6 28.
Qxg6 fxg6 29. e4 Kf7 30. Kf2 Re7 31. Ke3 Rae8 1/2-1/2

[Event "FRA-chT"]
[Site "FRA"]
[Date "1998.05.09"]
[Round "9"]
[White "Berend, Fred"]
[Black "Marzolo, Cyril"]
[Result "1/2-1/2"]
[WhiteElo "2350"]
[BlackElo "2355"]
[PlyCount "153"]
[EventDate "1998.02.06"]
[Source "ChesBase"]
[SourceDate "1998.07.07"]

1. e4 c5 2. Nf3 g6 3. c3 Bg7 4. d4 cxd4 5. cxd4 d5 6. exd5 Nf6 7. Nc3 O-O 8.
Bc4 Nbd7 9. O-O Nb6 10. Bb3 Nbxd5 11. Re1 b6 12. Nxd5 Nxd5 13. Bxd5 Qxd5 14.
Rxe7 Bg4 15. Be3 Rfc8 16. h3 Bf6 17. hxg4 Bxe7 18. g5 Bd6 19. Qd3 Re8 20. Qa6
Re7 21. Rc1 Rae8 22. Rc3 Qf5 23. Qf1 Rc8 24. Rb3 Bf4 25. Bxf4 Qxf4 26. g3 Qd6
27. Qd3 Rc1+ 28. Kg2 Qd5 29. Qb5 Qxb5 30. Rxb5 Re2 31. Ng1 Re6 32. d5 Rd6 33.
Ne2 a6 34. Rb4 a5 35. Rd4 Rc2 36. Nc3 Rxb2 37. a3 h5 38. Ne4 Rd8 39. d6 Kf8 40.
Nf6 b5 41. Rd5 a4 42. Kf1 b4 43. axb4 Rxb4 44. Ra5 Rd4 45. d7 Ke7 46. Ke2 Rd6
47. Rxa4 Rxf6 48. gxf6+ Kxf6 49. Rd4 Ke6 50. Re4+ Kxd7 51. Kf3 Rc8 52. Rd4+ Ke7
53. Re4+ Kf8 54. Ra4 Kg7 55. Kg2 Rb8 56. Kh3 Rb2 57. Kg2 g5 58. Ra6 f6 59. Ra5
Kg6 60. Ra8 Rb4 61. Rg8+ Kf5 62. Ra8 h4 63. gxh4 Rxh4 64. Ra5+ Kg6 65. Kg3 Rb4
66. Ra8 Rb6 67. f3 f5 68. Rg8+ Kh5 69. Rh8+ Rh6 70. Rg8 f4+ 71. Kh3 Rh7 72. Kg2
Ra7 73. Rh8+ Kg6 74. Rg8+ Kf6 75. Rf8+ Kg7 76. Rb8 Ra3 77. Rb6 1/2-1/2

[Event "FRA-chT"]
[Site "FRA"]
[Date "1998.05.09"]
[Round "9"]
[White "Boyd, Stephen"]
[Black "Dieu, Bruno"]
[Result "0-1"]
[WhiteElo "2355"]
[BlackElo "2275"]
[PlyCount "78"]
[EventDate "1998.02.06"]
[Source "ChesBase"]
[SourceDate "1998.07.07"]

1. e4 e6 2. d3 d5 3. Nd2 c5 4. Ngf3 Nc6 5. g3 Bd6 6. Bg2 Nge7 7. O-O O-O 8. Nh4
Bd7 9. f4 f6 10. a4 d4 11. e5 fxe5 12. Ne4 Bc7 13. Nxc5 exf4 14. gxf4 Nf5 15.
Nxf5 Rxf5 16. Nxd7 Qxd7 17. Be4 Rf6 18. Qh5 g6 19. Qg4 Raf8 20. Bd2 Bd6 21.
Rae1 Ne7 22. Re2 Qc7 23. Rfe1 b6 24. Bg2 Nf5 25. Rxe6 Ne3 26. R6xe3 dxe3 27.
Bd5+ Kg7 28. Rxe3 Bxf4 29. Qe2 Bxe3+ 30. Bxe3 Re8 31. Be4 Qe5 32. Bd2 h6 33.
Qg2 Qd4+ 34. Kh1 Ref8 35. Bc3 Rf1+ 36. Qxf1 Rxf1+ 37. Kg2 Rf2+ 38. Kg3 Qxc3 39.
bxc3 Rxc2 0-1

[Event "FRA-chT"]
[Site "FRA"]
[Date "1998.04.01"]
[Round "9"]
[White "Brossard, Armel"]
[Black "Brochet, Philippe"]
[Result "1/2-1/2"]
[WhiteElo "2210"]
[BlackElo "2270"]
[PlyCount "167"]
[EventDate "1998.02.06"]
[Source "ChesBase"]
[SourceDate "1998.07.07"]

1. e4 c5 2. Nc3 e6 3. g3 d5 4. exd5 exd5 5. d4 c4 6. Bg2 Be6 7. Nge2 Bb4 8. O-O
Bxc3 9. Nxc3 Ne7 10. b3 cxb3 11. axb3 O-O 12. Ne2 Nbc6 13. Nf4 Bf5 14. Be3 Nb4
15. c4 a5 16. Qd2 Qb6 17. Rfc1 Rfd8 18. h3 h6 19. g4 Bh7 20. Nxd5 Nexd5 21.
cxd5 Nxd5 22. Rc5 Nxe3 23. Qxe3 Bg6 24. Qc3 Qf6 25. d5 Qxc3 26. Rxc3 Rd6 27.
Rc5 b6 28. Rc6 Rad8 29. Rac1 Kf8 30. f4 f6 31. Rc7 Bf7 32. Rb7 R8d7 33. Rb8+
Rd8 34. Rb7 Be8 35. Rcc7 R8d7 36. Rxd7 Bxd7 37. Kf2 Ke7 38. Rb8 b5 39. Ke3 Ra6
40. Be4 a4 41. bxa4 bxa4 42. Bb1 Ra5 43. Ba2 Rb5 44. Rg8 g5 45. fxg5 hxg5 46.
Rg7+ Kd6 47. Rf7 Rb2 48. Bc4 Kc5 49. Rxd7 Kxc4 50. Ra7 Kxd5 51. Rxa4 Rb3+ 52.
Kf2 Rxh3 53. Ra5+ Ke6 54. Rf5 Rd3 55. Ra5 Rd5 56. Ra8 Rb5 57. Ke3 Rb3+ 58. Kf2
Rd3 59. Ra5 Rd4 60. Kf3 Rc4 61. Rf5 Rc3+ 62. Kf2 Rd3 63. Ra5 Rd5 64. Ra4 Ke5
65. Ke3 Rb5 66. Ra3 Rc5 67. Rb3 Ra5 68. Rc3 Kd5 69. Rd3+ Ke5 70. Rc3 Ra4 71.
Rc5+ Kd6 72. Rf5 Rxg4 73. Rxf6+ Ke5 74. Ra6 Rf4 75. Ra8 Ke6 76. Rb8 Rf1 77. Ke4
Kf7 78. Rb6 g4 79. Ke3 Rf3+ 80. Ke2 Rf5 81. Rb4 Rg5 82. Kf2 Kg6 83. Kg3 Kh5 84.
Rb8 1/2-1/2

[Event "FRA-chT"]
[Site "FRA"]
[Date "1998.05.09"]
[Round "9"]
[White "Chaury, Fabien"]
[Black "Pecot, Laurent"]
[Result "1/2-1/2"]
[WhiteElo "2225"]
[BlackElo "2210"]
[PlyCount "86"]
[EventDate "1998.02.06"]
[Source "ChesBase"]
[SourceDate "1998.07.07"]

1. d4 d5 2. c4 e6 3. Nc3 c5 4. Nf3 Nc6 5. e3 Nf6 6. Bd3 a6 7. O-O Bd6 8. Qe2
O-O 9. Rd1 Qe7 10. b3 Rd8 11. Bb2 cxd4 12. exd4 b6 13. Rac1 Bf4 14. Ra1 Ra7 15.
Na4 Bc7 16. Ne5 Bb7 17. c5 b5 18. Nb6 Ne8 19. Nxc6 Bxc6 20. a4 bxa4 21. bxa4 a5
22. Bc3 e5 23. Rdb1 e4 24. Bb5 Bb7 25. Qe1 Nf6 26. h3 Bc8 27. Bxa5 Rxa5 28.
Qxa5 e3 29. Qe1 exf2+ 30. Qxf2 Ne4 31. Nxc8 Rxc8 32. Re1 Qg5 33. Qf3 Ba5 34.
Rxe4 dxe4 35. Qxe4 Qd2 36. Rf1 Bc3 37. Qf4 Qxd4+ 38. Kh1 Qxf4 39. Rxf4 Rxc5 40.
Re4 Be5 41. g4 f6 42. Kg2 Rc3 43. h4 Rc5 1/2-1/2

[Event "FRA-chT"]
[Site "FRA"]
[Date "1998.05.09"]
[Round "9"]
[White "Collas, Didier"]
[Black "Tirard, Hugo"]
[Result "0-1"]
[WhiteElo "2355"]
[BlackElo "2380"]
[PlyCount "82"]
[EventDate "1998.02.06"]
[Source "ChesBase"]
[SourceDate "1998.07.07"]

1. e4 c5 2. Nf3 Nc6 3. d4 cxd4 4. Nxd4 Nf6 5. Nc3 e5 6. Ndb5 d6 7. Bg5 a6 8.
Na3 b5 9. Nd5 Be7 10. Bxf6 Bxf6 11. c3 O-O 12. Nc2 Bg5 13. a4 bxa4 14. Rxa4 Bb7
15. Nce3 g6 16. Qb3 Rb8 17. Qa2 Ne7 18. Bxa6 Bxe3 19. Bxb7 Bxf2+ 20. Kxf2 Rxb7
21. Nxe7+ Qxe7 22. Rb1 Rfb8 23. g3 Qf6+ 24. Kg2 Qg5 25. b4 Rc7 26. c4 Qe3 27.
Qc2 f5 28. exf5 gxf5 29. Qxf5 Rf8 30. Qe6+ Kh8 31. Raa1 Qe2+ 32. Kg1 Rcf7 33.
Qh3 Qe3+ 34. Kh1 Qe4+ 35. Kg1 Qd4+ 36. Kh1 Qe4+ 37. Kg1 Qxc4 38. Kg2 Qd4 39.
Kh1 Rf2 40. Qd7 d5 41. b5 Qd2 0-1

[Event "FRA-chT"]
[Site "FRA"]
[Date "1998.05.09"]
[Round "9"]
[White "Cursoux, Laurent"]
[Black "Marchand, Francois"]
[Result "1-0"]
[WhiteElo "2190"]
[BlackElo "2305"]
[PlyCount "61"]
[EventDate "1998.02.06"]
[Source "ChesBase"]
[SourceDate "1998.07.07"]

1. e4 c6 2. d4 d5 3. f3 dxe4 4. fxe4 e5 5. Nf3 Be6 6. c3 Nf6 7. Bd3 Nbd7 8. O-O
Bd6 9. Ng5 Qe7 10. Nxe6 Qxe6 11. Bg5 O-O 12. Nd2 h6 13. Bh4 Ng4 14. d5 cxd5 15.
exd5 Qxd5 16. Qxg4 Qxd3 17. Nb3 Qb5 18. Rad1 Bc5+ 19. Kh1 Nb6 20. Bf6 g6 21.
Nxc5 Qxc5 22. Qh4 Qe3 23. Be7 h5 24. Bxf8 Rxf8 25. Rd8 Qc5 26. Qf6 Qc4 27.
Rxf8+ Kxf8 28. Rd1 Nd5 29. Qh8+ Ke7 30. Qxe5+ Kf8 31. Qxd5 1-0

[Event "FRA-chT"]
[Site "FRA"]
[Date "1998.05.09"]
[Round "9"]
[White "De Sousa, Jose"]
[Black "Verdier, Patrice"]
[Result "1/2-1/2"]
[WhiteElo "2230"]
[BlackElo "2315"]
[PlyCount "101"]
[EventDate "1998.02.06"]
[Source "ChesBase"]
[SourceDate "1998.07.07"]

1. e4 c5 2. Nf3 Nc6 3. d4 cxd4 4. Nxd4 Nf6 5. Nc3 e5 6. Ndb5 d6 7. Bg5 a6 8.
Na3 b5 9. Bxf6 gxf6 10. Nd5 f5 11. Bd3 Be6 12. O-O Bxd5 13. exd5 Ne7 14. c3 Bg7
15. Nc2 O-O 16. a4 e4 17. Be2 Ng6 18. axb5 Qg5 19. Rxa6 Nh4 20. g3 f4 21. Kh1
f3 22. Bc4 Be5 23. Ne3 Kh8 24. Rg1 Ng6 25. Qa1 Rae8 26. Ra7 h5 27. Qc1 h4 28.
Ng4 Qxg4 29. Qh6+ Kg8 30. gxh4 Qf5 31. Rg5 Bg7 32. Qxg7+ Kxg7 33. Rxf5 Nxh4 34.
Rg5+ Kf6 35. Rg4 e3 36. fxe3 Rxe3 37. Ra1 Rfe8 38. Rf1 Nf5 39. Rf4 Kg5 40.
R4xf3 Rxf3 41. Rxf3 Kg4 42. Rf1 Nh6 43. Bd3 f5 44. b4 f4 45. c4 f3 46. c5 Kf4
47. Bg6 Re5 48. Bc2 Ng4 49. Bd1 Nf2+ 50. Kg1 Nh3+ 51. Kh1 1/2-1/2

[Event "FRA-chT"]
[Site "FRA"]
[Date "1998.05.09"]
[Round "9"]
[White "Degraeve, Jean Marc"]
[Black "Vaisser, Anatoli"]
[Result "1-0"]
[WhiteElo "2525"]
[BlackElo "2595"]
[PlyCount "81"]
[EventDate "1998.02.06"]
[Source "ChesBase"]
[SourceDate "1998.07.07"]

1. e4 e6 2. d4 d5 3. e5 c5 4. c3 Qb6 5. Nf3 Bd7 6. Be2 cxd4 7. cxd4 Bb5 8. Nc3
Bb4 9. O-O Bxc3 10. Bxb5+ Qxb5 11. bxc3 Ne7 12. a4 Qd7 13. Ba3 Nbc6 14. Qd3 Rc8
15. a5 f6 16. exf6 gxf6 17. Nd2 Kf7 18. Nb3 b6 19. axb6 axb6 20. Bxe7 Nxe7 21.
Ra6 Qc7 22. Qh3 Qxc3 23. Qh5+ Ng6 24. Rxb6 Qc7 25. Ra6 Qb7 26. Ra3 Kg7 27. Nc5
Qf7 28. Rh3 e5 29. Rb1 Nf4 30. Rg3+ Ng6 31. f4 exf4 32. Rh3 Rhe8 33. Qxh7+ Kf8
34. Nd7+ Ke7 35. Re1+ Kd6 36. Qxf7 Rxe1+ 37. Kf2 Rcc1 38. Qxg6 Rf1+ 39. Ke2
Rce1+ 40. Kd2 Rd1+ 41. Kc2 1-0

[Event "FRA-chT"]
[Site "FRA"]
[Date "1998.05.09"]
[Round "9"]
[White "Eliet, Nicolas"]
[Black "Roos, Daniel"]
[Result "1/2-1/2"]
[WhiteElo "2355"]
[BlackElo "2430"]
[PlyCount "87"]
[EventDate "1998.02.06"]
[Source "ChesBase"]
[SourceDate "1998.07.07"]

1. d4 Nf6 2. Nf3 g6 3. Nc3 d5 4. Bf4 Bg7 5. e3 O-O 6. Be2 c6 7. Ne5 Nbd7 8. Qd2
a5 9. h4 Ne4 10. Nxe4 dxe4 11. Nxd7 Qxd7 12. O-O-O b5 13. h5 Qd5 14. hxg6 hxg6
15. b3 a4 16. Bh6 axb3 17. cxb3 Be6 18. Bxg7 Kxg7 19. Kb1 Ra3 20. Qc3 Rfa8 21.
Rd2 f6 22. Rc1 R8a6 23. Rb2 Qd7 24. Qc5 Bd5 25. f4 Ra7 26. g4 Qd8 27. Qb4 Qh8
28. Qe1 Qh3 29. Bd1 Ra8 30. Rcc2 Rh8 31. Rg2 Qh1 32. Rg1 Qh4 33. Qb4 Ra7 34.
Rbg2 g5 35. Qc5 Rha8 36. f5 Kf7 37. Qc3 Rh8 38. Bc2 Qh3 39. Kb2 Rha8 40. Bb1
Rh8 41. Qd2 Qh6 42. Qe2 Raa8 43. Rf1 Rh7 44. Rff2 1/2-1/2

[Event "FRA-chT"]
[Site "FRA"]
[Date "1998.05.09"]
[Round "9"]
[White "Flear, Christine"]
[Black "Wohlers Armas, Rike"]
[Result "1/2-1/2"]
[WhiteElo "2240"]
[BlackElo "2205"]
[PlyCount "73"]
[EventDate "1998.02.06"]
[Source "ChesBase"]
[SourceDate "1998.07.07"]

1. d4 b5 2. e4 Bb7 3. Bd3 e6 4. Nf3 c5 5. c3 a6 6. O-O Nc6 7. d5 Nce7 8. c4
bxc4 9. Bxc4 Nf6 10. Nc3 h6 11. Ne5 g6 12. Qb3 Qc8 13. Rd1 Bg7 14. dxe6 dxe6
15. Bxe6 fxe6 16. Nc4 O-O 17. Nd6 Qc7 18. Qxb7 Qxb7 19. Nxb7 Ng4 20. Be3 Nxe3
21. fxe3 Rab8 22. Rd7 Nc6 23. Nxc5 Rxb2 24. Rxg7+ Kxg7 25. Nxe6+ Kg8 26. Nxf8
Kxf8 27. Rf1+ Kg7 28. Rf2 Rb4 29. Rd2 Ne5 30. Rd4 Rb2 31. h3 Rc2 32. Nd5 Rxa2
33. Rb4 h5 34. Rb7+ Kh6 35. Nf4 Ra4 36. Rb6 Rxe4 37. Rxa6 1/2-1/2

[Event "FRA-chT"]
[Site "FRA"]
[Date "1998.05.09"]
[Round "9"]
[White "Fressinet, Laurent"]
[Black "Leski, Marc"]
[Result "1-0"]
[WhiteElo "2450"]
[BlackElo "2425"]
[PlyCount "69"]
[EventDate "1998.02.06"]
[Source "ChesBase"]
[SourceDate "1998.07.07"]

1. e4 d6 2. d4 Nf6 3. Nc3 g6 4. Nf3 Bg7 5. Be3 O-O 6. Qd2 Nc6 7. d5 Nb4 8. h4
c6 9. a3 Qa5 10. Nd4 Na6 11. Bxa6 Qxa6 12. Bh6 e5 13. dxe6 Bxh6 14. Qxh6 fxe6
15. Nf3 Qb6 16. Qd2 d5 17. h5 Nxe4 18. Nxe4 dxe4 19. Qc3 g5 20. h6 Rf7 21. Rh5
exf3 22. Rxg5+ Kf8 23. O-O-O Bd7 24. Qh8+ Ke7 25. Qxa8 Qxf2 26. Rg8 Qb6 27.
gxf3 Qc7 28. Qxa7 c5 29. Rg7 Bb5 30. Qa8 Be2 31. Rd2 Bxf3 32. Qg8 Bh5 33. Qxh7
Qf4 34. Rxf7+ Bxf7 35. Qg7 1-0